| 000 | 00651nam a2200217 a 4500 | ||
|---|---|---|---|
| 001 | 2120 | ||
| 005 | 20140414131848.0 | ||
| 008 | 001116s19uu xx 00 eng d | ||
| 020 | _a0-8172-2630-3 | ||
| 050 |
_aM 398.2 _bT74 1987 |
||
| 100 | _aTrotman, Felicity | ||
| 245 |
_aWilliam Tell / _cretold by Felicity Trotman ; illustrated by Chris Molan. |
||
| 260 |
_aAustin, Texas : _bRaintree Steck-Vaughn, _c1992. |
||
| 300 | _a32 p. : ill. ; cm. | ||
| 500 | _aRaintree Stories | ||
| 650 | _aTell, Wilhelm -- Legends. | ||
| 650 | _aLegends -- Switzerland. | ||
| 650 | _aTell, William. | ||
| 650 | _aFolklore -- Switzerland. | ||
| 999 |
_c110008 _d110008 |
||